| 000 | 00645nam a2200205 a 4500 | ||
|---|---|---|---|
| 001 | 000012580 | ||
| 005 | 20240530073914.0 | ||
| 008 | 091113s1998 dr 000 f spa d | ||
| 020 | _a9768175095 | ||
| 040 |
_aDO-SdBNP _bspa _cBNPHU |
||
| 082 |
_aRD863.44 _bM385s |
||
| 100 | 1 |
_aMartínez Montero, Juan, _d1950- _929217 |
|
| 245 | 1 | 3 |
_aEl sitio de donde el diablo se mudó / _cJuan Martínez Montero. |
| 260 |
_aSanto Domingo : _bCocolo, _c1998. |
||
| 300 |
_a185 p. ; _c21 cm. |
||
| 590 | _aInventariado, 2020/MAA | ||
| 650 | 0 |
_aNovela dominicana _9223 |
|
| 650 | 0 |
_aLiteratura dominicana. _967 |
|
| 910 | _aValidado. Control de calidad MMOLINA | ||
| 999 |
_c12235 _d12235 |
||